| 000 | 00500nam a22001577a 4500 | ||
|---|---|---|---|
| 020 | _a9781292402826 | ||
| 082 |
_a658.11 _bBAR |
||
| 100 | _a Barringer, Bruce R. Ireland, R. Duane | ||
| 245 |
_aEntrepreneurship : successfully launching new ventures/ _cBruce R Barringer and Ireland, R. Duane |
||
| 250 | _aUpdated 6th edition | ||
| 260 |
_aHarlow: _bPearson; _c2022. |
||
| 300 | _a618p. | ||
| 563 | _aPB | ||
| 650 |
_aNew business enterprises _aEntrepreneurship _9118521 |
||
| 942 |
_2ddc _cBK |
||
| 999 |
_c606748 _d606748 |
||